Trivial Pursuit #1 - Statistics

General Stats
  • This quiz has been taken 313 times
  • The average score is 9 of 24
Answer Stats
Hint Answer % Correct
(2) How many countries are there in South America? 12
86%
(1) What is the Highest Mountain in Japan? Mt. Fuji
80%
(3) What planet was discovered on February 18, 1930? Pluto
74%
(4) Which country has a length of approximately 4,300km, although a width no larger than 180km? Chile
73%
(1) What flower is the emblem for the English National Rugby team? Red Rose
71%
(1) In what year did Christopher Columbus land in the Americas? 1492
65%
(3) What is the capital of Iran? Tehran
65%
(3) For which European Soccer team does Gareth Bale play for? Real Madrid
51%
(2) Which French King was nicknamed the "Sun King"? Louis XIV
43%
(1) Who directed the movie "Goodfellas"? Martin Scorsese
40%
(2) Who invented penicillin, in 1928? Alexander Fleming
39%
(1) Which famous figure was born March 14, 1879? Albert Einstein
38%
(2) What is the most pirated TV show of all time? Game of Thrones
37%
(2) Which Russian author wrote the book "Anna Karenina"? Leo Tolstoy
36%
(3) Which navigator popularised smoking in England? Sir Walter Raleigh
25%
(2) Who Invented the sport of basketball? James Naismith
19%
(4) Who holds the MLB record for most home runs of all time? Barry Bonds
17%
(3) What is the best-selling progressive rock album of all time? Dark Side of the Moon - Pink Floyd
16%
(1) Which Hobbits are apart of the Fellowship of the Ring in the LOTR? Frodo, Sam, Merry, Pippin
11%
(3) Who is the main narrator in the book "Treasure Island"? Jim Hawkins
9%
(4) Name the three figures who signed the First Triumvirate. Julius Caesar, Pompey, Marcus Crassus
4%
(4) Who is the voice of Booker DeWitt in the best-selling video game "Bioshock Ininite" Troy Baker
4%
(4) Who is commonly known as the "Father of Microbiology? Antonie van Leeuwenhoek
3%
(4) Which science-fiction book won the 1963 Hugo award for "Best Novel"? The Man in the High Castle
2%
No matching quizzes found
Score Distribution
Percent of People with Each Score
Percentile by Number Answered
Your Score History
You have not taken this quiz